00416 2200169 4500001002100000005001500021008004100036020002200077035001900099041000700118082001200125090001800137100001800155245002200173260002700195300002400222INLIS00000000000071720241224112223241224||||||||| | ||| |||| || |  a978-602-97559-3-0 0010-1224000717 aid0 a297.413 a297,413 ARI p0 aSri Handayani00aPuasa Tetap Sehat bGosyen Bublisingc2010 aviii,114 hlm,;18 cm